| 000 | 00429nam a2200109Ia 4500 | ||
|---|---|---|---|
| 008 | 170221s9999 xx 000 0 und d | ||
| 100 | _aJ. Mark Phillips | ||
| 245 | _aEntrepreneurial Esquires in the New Economy: Why All Attorneys Should Learn about Entrepreneurship in Law School | ||
| 245 | _cJ. Mark Phillips | ||
| 650 | _xBusiness | ||
| 856 | _uhttp://digitalcommons.pepperdine.edu/cgi/viewcontent.cgi?article=1119&context=jbel | ||
| 999 |
_c307605 _d307605 |
||